The Reception of Learned Law in Fourteenth- and Fifteenth-Century Frisia /
This book offers the first comprehensive analysis of medieval Frisian law, focusing on the influence of Roman and canon law in the fourteenth and fifteenth centuries. It makes use of recent translations of Old Frisian legal texts to show the evolution of Frisian law and to unveil why the Frisians we...
المؤلف الرئيسي:
التنسيق: كتاب الكتروني
اللغة: English
منشور في:
Leiden ; Boston :
Brill,
2025.
سلاسل:
Late Antiquity and Medieval Studies E-Books Online, Collection 2024.
Medieval Law and Its Practice ;
42.
الموضوعات:
الوصول للمادة أونلاين: Login to view Source
الوسوم: إضافة وسم
رقم الطلب: KZ3092
| LEADER | 02276nam a22004698i 4500 | ||
|---|---|---|---|
| 001 | BRILL9789004712706 | ||
| 003 | nllekb | ||
| 005 | 20241111180942.0 | ||
| 006 | m d | ||
| 007 | cr un uuuua | ||
| 008 | 240912s2025 gw sb 001 0 eng d | ||
| 020 | |a 9789004712706 |q (electronic book) | ||
| 020 | |z 9789004709928 |q (print) | ||
| 024 | 7 | |a 10.1163/9789004712706 |2 DOI | |
| 035 | |z (OCoLC)1445895351 | ||
| 040 | |a NL-LeKB |c NL-LeKB |e rda | ||
| 041 | |a eng | ||
| 050 | 4 | |a KZ3092 | |
| 072 | 7 | |a HB |2 bicssc | |
| 072 | 7 | |a HIS |x 000000 |2 bisacsh | |
| 082 | 0 | 4 | |a 341 |2 23 |
| 100 | 1 | |a Wiegand, Marvin, |e author. | |
| 245 | 1 | 4 | |a The Reception of Learned Law in Fourteenth- and Fifteenth-Century Frisia / |c Marvin Wiegand. |
| 264 | 1 | |a Leiden ; |a Boston : |b Brill, |c 2025. | |
| 264 | 4 | |c ©2025 | |
| 300 | |a 1 online resource (384 pages) : |b illustrations. | ||
| 336 | |a text |b txt |2 rdacontent | ||
| 337 | |a computer |b c |2 rdamedia | ||
| 338 | |a online resource |2 rdacarrier | ||
| 490 | 1 | |a Late Antiquity and Medieval Studies E-Books Online, Collection 2024 | |
| 490 | 1 | |a Medieval Law and Its Practice ; |v 42 | |
| 504 | |a Includes bibliographical references and index. | ||
| 520 | |a This book offers the first comprehensive analysis of medieval Frisian law, focusing on the influence of Roman and canon law in the fourteenth and fifteenth centuries. It makes use of recent translations of Old Frisian legal texts to show the evolution of Frisian law and to unveil why the Frisians were motivated to change their traditional laws. The book covers everything from oaths as evidence in Frisian procedures, to whether Frisian widows could be guardians of their children, to the role the Frisians themselves played in the evolution of their legal system. See Less | ||
| 546 | |a English | ||
| 588 | |a Description based on print version record. | ||
| 650 | 0 | |a International Law. | |
| 776 | 0 | 8 | |i Print version: |t The Reception of Learned Law in Fourteenth- and Fifteenth-Century Frisia. |d Leiden ; Boston : Brill, 2025. |z 9789004709928 |
| 830 | 0 | |a Late Antiquity and Medieval Studies E-Books Online, Collection 2024. | |
| 830 | 0 | |a Medieval Law and Its Practice ; |v 42. | |
| 856 | 4 | |z DOI: |u http://dx.doi.org/10.1163/9789004712706 | |
| 942 | |2 lcc |c EBOOK | ||
| 999 | |c 59776 |d 59776 | ||
